| 000 | 01308nam a2200325Ia 4500 | ||
|---|---|---|---|
| 001 | ebr10367603 | ||
| 003 | CaPaEBR | ||
| 006 | m u | ||
| 007 | cr cn||||||||| | ||
| 008 | 010917s2002 mdua sb 001 0deng d | ||
| 010 | _z 2001005689 | ||
| 020 | _z0801869102 (hardcover : alk. paper) | ||
| 040 |
_aCaPaEBR _cCaPaEBR |
||
| 035 | _a(OCoLC)593232068 | ||
| 050 | 1 | 4 |
_aQL76.5.G3 _bR68 2002eb |
| 100 | 1 | _aRothfels, Nigel. | |
| 245 | 1 | 0 |
_aSavages and beasts _h[electronic resource] : _bthe birth of the modern zoo / _cNigel Rothfels. |
| 260 |
_aBaltimore, Md. : _bJohns Hopkins University Press, _c2002. |
||
| 300 |
_axii, 268 p. : _bill. |
||
| 490 | 1 | _aAnimals, history, culture | |
| 504 | _aIncludes bibliographical references (p. [207]-249) and index. | ||
| 533 |
_aElectronic reproduction. _bPalo Alto, Calif. : _cebrary, _d2011. _nAvailable via World Wide Web. _nAccess may be limited to ebrary affiliated libraries. |
||
| 600 | 1 | 0 | _aHagenback, Carl. |
| 650 | 0 |
_aZoos _zGermany _xHistory. |
|
| 650 | 0 |
_aWild animal trade _zGermany _xHistory. |
|
| 655 | 7 |
_aElectronic books. _2local |
|
| 710 | 2 | _aebrary, Inc. | |
| 830 | 0 | _aAnimals, history, culture. | |
| 856 | 4 | 0 |
_uhttp://site.ebrary.com/lib/rucke/Doc?id=10367603 _zAn electronic book accessible through the World Wide Web; click to view |
| 999 |
_c212404 _d212404 |
||